සුමිහිරි කවියෙන් ඉමිහිරි කවිබණ /

Sumihiri kaviyen imihiri kavibana
Saved in:
Bibliographic Details
Main Author: ජයසිංහ, චන්ද්‍ර බණ්ඩාර
Format: Book
Published: [තැ.නො.] : කර්තෘ, 2025.
Subjects:
Tags: Add Tag
No Tags, Be the first to tag this record!

MARC

LEADER 00000nam a2200000 4500
003 LK-CoNLD
005 20251231104845.0
008 250923b |||||||| |||| 00| 0 ||| d
015 |2 slnb  |a slnb202511 
017 |b LK-CoDNA 
020 |a 9786249648906 
040 |a LK-CoNLD  |b SIN  |c LK-CoNLD  |d LK-CoNLD 
082 |2 23  |q LK-CoNLD  |a 891.481 
100 |a ජයසිංහ, චන්ද්‍ර බණ්ඩාර   |9 91682 
245 |6 880-1  |a සුමිහිරි කවියෙන් ඉමිහිරි කවිබණ /  |c චන්ද්‍ර බණ්ඩාර ජයසිංහ. 
260 |a [තැ.නො.] :  |b කර්තෘ,  |c 2025. 
300 |a පි. [viii],137 ;  |b මැබැ-බෝක : රු. 750.00  |c සෙමී. 21. 
650 0 |a සිංහල පද්‍ය-බුද්ධාගම  |9 86196 
650 0 |a Sinhalese poetry, Buddhist  |9 76822 
880 |6 245-1  |a Sumihiri kaviyen imihiri kavibana 
942 |c BOOK 
945 |a 21055  |b M. G. D. NAWODA  |c 18375  |d Vijani RODRIGO 
999 |c 293089  |d 293089